01008nam a22002657a 45000010005000000030008000050050017000130080039000300350018000690400027000870410008001140820026001221000039001482450084001872600046002713000040003175040051003576500034004086500035004428300023004778300058005009420012005589990015005709520157005855302BD-RjUL20211208234038.0131224r19501943ii ab ab 001 0 eng a(BD-RjUL)5338 aDLCcDLCbengdBD-RjUL aeng a345.4052523bELM 19501 aElwin, Verrier,d1902-1964.91666610aMaria murder and suicide /cby Verrier Elwin ; with a foreword by W.V. Grigson. aBombay :bOxford University Press,c1943. axxx, 259 p. :bill., maps ;c22 cm. aIncludes bibliographical references and index. 0aMurderzIndiazBastar.916667 0aSuicidezIndiazBastar.916668 0vitem 08012.916686 0aSAMP early 20th-century Indian books project ;916687 2ddccBK c5302d5302 00102ddc40718NFICaRUCLbRUCLcreadingd1974-05-04eOxford University pressg0.00l0o345.4052523 ELM 1950r2013-12-24 00:00:00tC-1w2013-12-24yBK